Southville International School and Colleges
Your cart is empty.
  • Cart
  • Lists
    Public lists Eva Luna New books Lux_list list_1
    Your lists Log in to create your own lists
  • Log in to your account
  • Your cookies
  • Search history
Southville International School and Colleges
  • Advanced search
  • Recent comments
  • Most popular
  • Libraries

Log in to your account

Log in with GOOGLE


If you do not have an external account, but do have a local account, you can still log in:

  1. Home
  2. MARC view: Master the basics--English /
Normal view MARC view ISBD view

Master the basics--English / (Record no. 729)

[ view plain ]
MARC details
000 -LEADER
fixed length control field 01370cam a2200373 a 4500
001 - CONTROL NUMBER
control field 14370477
003 - CONTROL NUMBER IDENTIFIER
control field OSt
005 - DATE AND TIME OF LATEST TRANSACTION
control field 20140415152512.0
008 - FIXED-LENGTH DATA ELEMENTS--GENERAL INFORMATION
fixed length control field 060509s2006 nyu 001 0 eng
010 ## - LIBRARY OF CONGRESS CONTROL NUMBER
LC control number 2006015564
020 ## - INTERNATIONAL STANDARD BOOK NUMBER
International Standard Book Number 0764135465
020 ## - INTERNATIONAL STANDARD BOOK NUMBER
International Standard Book Number 9780764135460
035 ## - SYSTEM CONTROL NUMBER
System control number (OCoLC)ocm68694261
035 ## - SYSTEM CONTROL NUMBER
System control number (OCoLC)68694261
040 ## - CATALOGING SOURCE
Original cataloging agency DLC
Transcribing agency DLC
Modifying agency YDX
-- BAKER
-- VP@
-- DLC
050 00 - LIBRARY OF CONGRESS CALL NUMBER
Classification number PE 1128
Item number .Y36 2006
082 00 - DEWEY DECIMAL CLASSIFICATION NUMBER
Classification number TR 428.2420
Item number Y2 2006
100 1# - MAIN ENTRY--PERSONAL NAME
Personal name Yates, Jean.
9 (RLIN) 903
245 10 - TITLE STATEMENT
Title Master the basics--English /
Statement of responsibility, etc Jean Yates.
250 ## - EDITION STATEMENT
Edition statement 2nd ed.
260 ## - PUBLICATION, DISTRIBUTION, ETC. (IMPRINT)
Place of publication, distribution, etc Hauppauge, N.Y. :
Name of publisher, distributor, etc Barron's Educational Series,
Date of publication, distribution, etc c2006.
300 ## - PHYSICAL DESCRIPTION
Extent x, 341 p. ;
Dimensions 23 cm.
440 #0 - SERIES STATEMENT/ADDED ENTRY--TITLE
Title Master the basics series
9 (RLIN) 904
500 ## - GENERAL NOTE
General note Includes index.
562 ## - COPY AND VERSION IDENTIFICATION NOTE
Number of copies In circulation. One copy available in the collection
650 #0 - SUBJECT ADDED ENTRY--TOPICAL TERM
Topical term or geographic name as entry element English language
Form subdivision Textbooks for foreign speakers.
9 (RLIN) 905
650 #0 - SUBJECT ADDED ENTRY--TOPICAL TERM
Topical term or geographic name as entry element English language
General subdivision Grammar
Form subdivision Problems, exercises, etc.
9 (RLIN) 906
856 41 - ELECTRONIC LOCATION AND ACCESS
Materials specified Table of contents only
Uniform Resource Identifier <a href="http://www.loc.gov/catdir/toc/ecip0613/2006015564.html">http://www.loc.gov/catdir/toc/ecip0613/2006015564.html</a>
856 42 - ELECTRONIC LOCATION AND ACCESS
Materials specified Publisher description
Uniform Resource Identifier <a href="http://www.loc.gov/catdir/enhancements/fy0664/2006015564-d.html">http://www.loc.gov/catdir/enhancements/fy0664/2006015564-d.html</a>
906 ## - LOCAL DATA ELEMENT F, LDF (RLIN)
a 7
b cbc
c orignew
d 1
e ecip
f 20
g y-gencatlg
942 ## - ADDED ENTRY ELEMENTS (KOHA)
Source of classification or shelving scheme Library of Congress Classification
Koha item type Books
Holdings
Withdrawn status Lost status Source of classification or shelving scheme Damaged status Home library Current library Shelving location Date acquired Total Checkouts Full call number Barcode Date last seen Copy number Price effective from Koha item type
    Library of Congress Classification   Luxembourg Library Luxembourg Library Teachers Reference Section 03/24/2012   PE 1128 .Y36 2006 18535 08/13/2013 1 10/03/2013 Books

Master the basics--English /

APA

Yates J., . (2006). Master the basics--English. Hauppauge, N.Y: Barron's Educational Series.

Chicago

Yates Jean, . 2006. Master the basics--English. Hauppauge, N.Y: Barron's Educational Series.

Harvard

Yates J., . (2006). Master the basics--English. Hauppauge, N.Y: Barron's Educational Series.

MLA

Yates Jean, . Master the basics--English. Hauppauge, N.Y: Barron's Educational Series. 2006.

  • Place hold
  • Print
  • Cite
  • Add to your cart (remove)
  • Save record
    BIBTEX Dublin Core MARCXML MARC (non-Unicode/MARC-8) MARC (Unicode/UTF-8) MARC (Unicode/UTF-8, Standard) MODS (XML) RIS
  • More searches
    Search for this title in:
    Other Libraries (WorldCat) Other Databases (Google Scholar) Online Stores (Bookfinder.com) Open Library (openlibrary.org)

Exporting to Dublin Core...

SOUTHVILLE LIBRARY

Southville International School and Colleges Library

1281 Tropical Ave. Cor. Luxembourg St., BF Homes International, Las Pinas City

Tel. No. 8256374 / 252358 Loc. 117/146

Powered by Koha